Statystyki dla Jaki kraj ma tę jednostkę podziału administracyjnego?

Kliknij tutaj aby rozwiązać quiz!

Ogólne statystyki

  • Ten quiz został rozwiązany 268 razy
  • Średni wynik to 9 z 17

Statystyki odpowiedzi

Jednostka podziałuPaństwo% Poprawnych
WojewództwoPolska
96%
Obwód (Kraj Krasnojarski)Rosja
95%
HrabstwoWielka Brytania
76%
Stan (Queensland)Australia
72%
Land (Styria)Austria
72%
Prowincja (Gansu)Chiny
66%
Kraj (Pardubicki)Czechy
65%
Departament (Occitanie)Francja
64%
Okręg (Finnmark)Norwegia
59%
TodōfukenJaponia
44%
ŻupaniaChorwacja
41%
NomosGrecja
34%
KomitatWęgry
31%
Muhafaza (Matruh)Egipt
29%
OstanIran
29%
AjmakMongolia
22%
IntendentChile
9%

Rozkład punktacji

Percentyl według liczby udzielonych odpowiedzi

Procent ludzi z każdym wynikiem

Twoja historia wyników

Nie rozwiązałeś tego quizu